000 00910nas a2200277 4500
001 BR7903683
003 BR-BrBNA
005 20231205083808.0
007 ta
008 230509b bl.|||p| |||| 00| 00por d
040 _aBR-BrBNA
_bpor
_cBiblioteca Nacional de Agricultura
041 _a(En)
072 _aL10
100 1 _aStort, A.C.
100 1 _aChaud Netto, J.
245 1 _aStudy of the size of sting and comparison with the aggressive behavior in africanized and italian bees [Abelha africana; Abelha italiana; Agressividade; Apis mellifera]
650 _aMelhoramento genetico animal
650 _aAbelha
650 _aAbelha africana
650 _aAbelha italiana
650 _aFerrao
650 _aAgressividade
773 0 _tCiencia e Cultura (Brazil)
_xISSN 0009-6725
_g(May 1978), v. 30(3) p. 322-335
_wBR7903683
909 _a202311
_bLúcia
_c55
_dLúcia Elande
942 _2AGRIS
_n0
_cANA
999 _c101240
_d101240